000 00562nam a2200229Ia 4500
003 OSt
005 20220912144329.0
006 a|||||r|||| 00| 0
007 ta
008 220909b |||||||| |||| 00| 0 eng d
020 _aSL01288421
024 _a187402
037 _cTextbook
040 _aCSL
_beng
_cCSL
041 _aeng
082 _aCN10aB2811, P2
100 _aAccardi L
245 0 _aQuantum theory and its stoclastic limit
700 _aAccardi L
942 _hCN10aB2811, P2
_cTB
_2CC
999 _c5101
_d5101